Microprocessor X86 programming (Record no. 163846)

MARC details
000 -LEADER
fixed length control field 00367nam a2200145Ia 4500
008 - FIXED-LENGTH DATA ELEMENTS--GENERAL INFORMATION
fixed length control field 231217s9999 xx 000 0 und d
041 ## - LANGUAGE CODE
Language code of text/sound track or separate title English
082 ## - DEWEY DECIMAL CLASSIFICATION NUMBER
Classification number 001.6404 VEN;1
100 ## - MAIN ENTRY--PERSONAL NAME
Personal name Venugopal, K R Rajkumar
245 #0 - TITLE STATEMENT
Title Microprocessor X86 programming
260 ## - PUBLICATION, DISTRIBUTION, ETC.
Date of publication, distribution, etc. 1995
Name of publisher, distributor, etc. New Delhi : BPB,
300 ## - PHYSICAL DESCRIPTION
Extent xvii+703
650 ## - SUBJECT ADDED ENTRY--TOPICAL TERM
Topical term or geographic name entry element Microprocessor
942 ## - ADDED ENTRY ELEMENTS (KOHA)
Koha item type Books
Holdings
Date last seen Total checkouts Full call number Accession number Cost, total (INR) price Price effective from Category Lost status Damaged status Department Withdrawn status Home library Current library Shelving location Entry date Vendor Cost, normal purchase price Grants Billnumber Billdate Currency symbol Conversion rate Discount Old discount Public note
26/01/2024   001.6404 VEN;1 7835 153.00 26/01/2024 Books     Central Library   Central Library Central Library Library Annex 16/12/1995 Mega Books 180.00 CS 703 16/04/2015 RS 1 27 15  
26/01/2024   001.6404 VEN 8862 153.00 26/01/2024 Books     Central Library   Central Library Central Library SC-ST 17/04/1996   180.00 SC-ST 266 24/06/1999 RS 1 27 15 SC ST (323)
26/01/2024   001.6404 VEN;8 11466 153.00 26/01/2024 Books     Central Library   Central Library Central Library SC-ST 01/06/1998 Sapna Book House 180.00 SC-ST 177 97-98 16/11/2000 RS 1 27 15 SC ST (495)
26/01/2024   001.6404 VEN;9 17336 153.00 26/01/2024 Books     Central Library   Central Library Central Library Central Library 29/03/2001 Sai Books 180.00 MCA 1123 16/01/2004 RS 1 27 15 repl/is/8416
26/01/2024   001.6404 VEN;10 17337 153.00 26/01/2024 Books     Central Library   Central Library Central Library   29/03/2001 Sai Books 180.00 MCA 1123 16/01/2004 RS 1 27 15  
26/01/2024   001.6404 VEN;11 17338 153.00 26/01/2024 Books     Central Library   Central Library Central Library   29/03/2001 Sai Books 180.00 MCA 1123 16/01/2004 RS 1 27 15  
26/01/2024   001.6404 VEN;12 17339 153.00 26/01/2024 Books     Central Library   Central Library Central Library   29/03/2001 Sai Books 180.00 MCA 1123 16/01/2004 RS 1 27 15  
26/01/2024   001.6404 VEN;13 17340 153.00 26/01/2024 Books     Central Library   Central Library Central Library   29/03/2001 Sai Books 180.00 MCA 1123 16/01/2004 RS 1 27 15  

© For any Suggestions or Query, please contact the library staff @ librarian@pes.edu or Phone: +9180 2672 1983/ 2108.